=LDR 00000nam 2200000 4500 =001 INLIS000000000001460 =005 20130612085848 =008 ***********************************Ind** =035 ##$$0010-061300000001460 =041 ##$$a Ind =082 ##$$a 892.7 =090 ##$$a 892.7, Gib-d =100 ##$$a GIBRAN, Kahlil =245 ##$$a Dewi khayalan, Kahlil Gibran =260 ##$$a 1999 $b Yogyakarta =300 ##$$a x, 153 hlm, 21 cm =650 ##$$a Kesusastraan Arab =850 ##$$a NBPNMAT